Name the Father - Statistics

General Stats
  • This quiz has been taken 34 times
  • The average score is 12 of 21
Answer Stats
Hint Answer % Correct
Luke Skywalker Darth Vader
100%
Bart Simpson Homer Simpson
90%
Athena Zeus
87%
Simba Mufasa
77%
Thor Odin
70%
Kylo Ren Han Solo
67%
Harry Potter James Potter
67%
John Quincy Adams John Adams
67%
Michael Corleone Vito Corleone
63%
Justin Trudeau Pierre Trudeau
60%
Scout Finch Atticus Finch
57%
Elizabeth I Henry VIII
57%
Kim Jong-un Kim Jong-il
57%
Homer Simpson Abe Simpson
53%
Poseidon Cronus
53%
Ron Weasley Arthur Weasley
47%
Alexander the Great Philip II
40%
Boruto Uzumaki Naruto Uzumaki
33%
Son Gohan Son Goku
33%
Hank Hill Cotton Hill
23%
Batman Thomas Wayne
23%
No matching quizzes found
Score Distribution
Percent of People with Each Score
Percentile by Number Answered
Your Score History
You have not taken this quiz